Ultimate Beatles Album Quiz (inc. Solo Albums) - Statistics

General Stats
  • This quiz has been taken 12 times
  • The average score is 58 of 85
Answer Stats
Hint Answer % Correct
1969 Abbey Road
100%
1964 A Hard Day's Night
100%
1964 Beatles for Sale
100%
1965 Help!
100%
1971 Imagine
100%
1970 John Lennon/Plastic Ono Band
100%
1970 Let It Be
100%
1967 Magical Mystery Tour
100%
1973 Mind Games
100%
1963 Please Please Me
100%
1971 Ram
100%
1966 Revolver
100%
1965 Rubber Soul
100%
1967 Sgt. Pepper's Lonely Hearts Club Band
100%
1968 The Beatles
100%
1963 With the Beatles
100%
1969 Yellow Submarine
100%
1970 All Things Must Pass
90%
1973 Band on the Run
90%
1987 Cloud Nine
90%
1980 Double Fantasy
90%
1973 Living in the Material World
90%
1970 McCartney
90%
1980 McCartney II
90%
1984 Milk and Honey
90%
1973 Ringo
90%
1975 Rock 'n' Roll
90%
1972 Sometime in New York City
90%
1979 Back to the Egg
80%
2002 Brainwashed
80%
1979 George Harrison
80%
1978 London Town
80%
2020 McCartney III
80%
2013 New
80%
1983 Pipes of Peace
80%
1973 Red Rose Speedway
80%
1981 Somewhere in England
80%
1982 Tug of War
80%
1975 Venus and Mars
80%
1974 Walls and Bridges
80%
1971 Wild Life
80%
1976 Wings at the Speed of Sound
80%
1968 Wonderwall Music
80%
2005 Chaos and Creation in the Backyard
70%
2018 Egypt Station
70%
1989 Flowers in the Dirt
70%
1982 Gone Troppo
70%
2001 Driving Rain
60%
1975 Extra Texture (Read All About It)
60%
1997 Flaming Pie
60%
1984 Give My Regards to Broad Street
60%
2007 Memory Almost Full
60%
1993 Off the Ground
60%
1986 Press to Play
60%
1977 Ringo the 4th
60%
1970 Sentimental Journey
60%
1976 Thirty Three & 1/3
60%
1968 Unfinished Music No. 1: Two Virgins
60%
1969 Wedding Album
60%
1970 Beaucoups of Blues
50%
1974 Dark Horse
50%
1969 Electronic Sound
50%
1974 Goodnight Vienna
50%
2012 Kisses on the Bottom
50%
1999 Run Devil Run
50%
1988 Снова в СССР
40%
1976 Ringo's Rotogravure
40%
1969 Unfinished Music No. 2: Life with the Lions
40%
1998 Vertical Man
40%
2010 Y Not
40%
1978 Bad Boy
30%
2008 Liverpool 8
30%
2015 Postcards from Paradise
30%
2012 Ringo 2012
30%
2003 Ringo Rama
30%
1981 Stop and Smell the Roses
30%
1992 Time Takes Time
30%
1988 Traveling Wilburys Vol. 1
30%
1990 Traveling Wilburys Vol. 3
30%
2005 Choose Love
20%
2017 Give More Love
20%
1999 I Wanna Be Santa Claus
20%
2025 Look Up
20%
1983 Old Wave
20%
2019 What's My Name
20%
No matching quizzes found
Score Distribution
Percent of People with Each Score
Percentile by Number Answered
Your Score History
You have not taken this quiz